MARC

LEADER 00000nam0a2200000 4500
001 671993
005 20240403102819.0
035 |a (RuTPU)RU\TPU\book\134765 
090 |a 671993 
100 |a 20240402d1929 km|y0rusy50 ca 
101 0 |a rus 
102 |a RU 
105 |a a z 001zy 
181 0 |a i   |b  e  
182 0 |a n 
183 0 |a nc  |2 RDAcarrier 
200 1 |a Электрохимическая защита легких алюминиевых сплавов от коррозии при помощи цинка  |f Центральный аэрогидродинамический институт ; Г. В. Акимов 
210 |a Москва  |c Научно-технический отдел В.С.Н.Х.  |d 1929 
215 |a 20 с.  |c ил. 
225 1 |a Труды Центрального аэро-гидродинамического института  |v Вып. 46 
283 |a volume 
606 |a Аэродинамические установки  |2 stltpush  |3 (RuTPU)RU\TPU\subj\29887  |9 53119 
610 1 |a дюралюминий 
610 1 |a коррозия 
610 1 |a электрохимическая защита 
610 1 |a исследования 
610 1 |a цинк 
610 1 |a пара AL-Zn 
610 1 |a поведение 
610 1 |a практическое использование 
610 1 |a защитные покрытия 
675 |a 533.6.07  |v 3 
700 |a Акимов  |b Г. В. 
712 0 2 |a Центральный аэрогидродинамический институт (ЦАГИ)  |c (Москва)  |3 (RuTPU)RU\TPU\col\4446 
801 1 |a RU  |b 63413507  |c 20240403  |g PSBO 
801 2 |a RU  |b 63413507  |c 20240403  |g PSBO 
942 |c CR